Predicting Intimate Partner Violence for At-Risk Young Adults and Their Romantic Partners, United States, 1991-2009

These data are part of NACJD's Fast Track Release and are distributed as they were received from the data depositor. The files have been zipped by NACJD for release, but not checked or processed except for the removal of direct identifiers. Users should refer to the accompanying readme file for...

Full description

Saved in:  
Bibliographic Details
Main Author: Shortt, Joann Wu (Author)
Format: Electronic Research Data
Language:English
Published: [Erscheinungsort nicht ermittelbar] [Verlag nicht ermittelbar] 2018
In:Year: 2018
Online Access: Volltext (kostenfrei)
Check availability: HBZ Gateway
Keywords:

MARC

LEADER 00000cam a22000002c 4500
001 1840041455
003 DE-627
005 20250705110626.0
007 cr uuu---uuuuu
008 230324s2018 xx |||||o 00| ||eng c
024 7 |a 10.3886/ICPSR36595.v1  |2 doi 
035 |a (DE-627)1840041455 
035 |a (DE-599)KXP1840041455 
040 |a DE-627  |b ger  |c DE-627  |e rda 
041 |a eng 
084 |a 2,1  |2 ssgn 
100 1 |a Shortt, Joann Wu  |e VerfasserIn  |4 aut 
245 1 0 |a Predicting Intimate Partner Violence for At-Risk Young Adults and Their Romantic Partners, United States, 1991-2009 
264 1 |a [Erscheinungsort nicht ermittelbar]  |b [Verlag nicht ermittelbar]  |c 2018 
336 |a Text  |b txt  |2 rdacontent 
337 |a Computermedien  |b c  |2 rdamedia 
338 |a Online-Ressource  |b cr  |2 rdacarrier 
520 |a These data are part of NACJD's Fast Track Release and are distributed as they were received from the data depositor. The files have been zipped by NACJD for release, but not checked or processed except for the removal of direct identifiers. Users should refer to the accompanying readme file for a brief description of the files available with this collection and consult the investigator(s) if further information is needed. The primary research aims of this study were to: examine a theoretical mediational risk model, examine long-term intervention impacts of the LIFT program on IPV in young adulthood, and to examine proximal associations between youth, partner adjustment (e.g., depressive symptoms), and adulthood. Data was collected over a 15-year period through interview format. Secondary analyses was performed with 323 adults (184 women, 139 men; average age 21 years) and their romantic partners (146 women, 177 men; average age 22 years) who participated in the community-based Linking the Interests of Families and Teachers (LIFT). Overall the study contains one SPSS file called 'NIJArc_LIFTCO_SubUseIPVItems.sav'. This SPSS file includes 166 variables and 316 cases. 
540 |a ICPSR Terms of Use 
650 4 |a Domestic assault 
650 4 |a Domestic Violence 
650 4 |a Intimate Partner Violence 
650 4 |a Young adults 
655 7 |a Forschungsdaten  |0 (DE-588)1098579690  |0 (DE-627)857755366  |0 (DE-576)469182156  |2 gnd-content 
787 0 8 |i Forschungsdaten zu  |a Low, Sabina  |t Associations of couples' intimate partner violence in young adulthood and substance use: A dyadic approach  |d 2017  |w (DE-627)1912464802 
787 0 8 |i Forschungsdaten zu  |a Low, Sabina  |t Intergenerational transmission of violence: The mediating role of adolescent psychopathology symptoms  |d 2019  |w (DE-627)191259496X 
787 0 8 |i Forschungsdaten zu  |a Shortt, Joann Wu  |t Predicting Intimate Partner Violence for At-Risk Young Adults and Their Romantic Partners  |d [Erscheinungsort nicht ermittelbar] : [Verlag nicht ermittelbar], 2016  |w (DE-627)1912658127 
787 0 8 |i Forschungsdaten zu  |a Eddy, J.M.  |t Short- and long-term impacts of a coercion theory-based intervention on aggression on the school playground  |d Oxford University Press, 2016  |w (DE-627)1912703238 
856 4 0 |u https://doi.org/10.3886/ICPSR36595.v1  |x Resolving-System  |z kostenfrei  |3 Volltext  |7 0 
935 |a mkri 
951 |a BO 
ELC |a 1 
LOK |0 000 xxxxxcx a22 zn 4500 
LOK |0 001 4296788728 
LOK |0 003 DE-627 
LOK |0 004 1840041455 
LOK |0 005 20230324125132 
LOK |0 008 230324||||||||||||||||ger||||||| 
LOK |0 035   |a (DE-2619)ICPSR36595 
LOK |0 040   |a DE-2619  |c DE-627  |d DE-2619 
LOK |0 092   |o n 
LOK |0 852   |a DE-2619 
LOK |0 852 1  |9 00 
LOK |0 935   |a foda  |a nacj 
LOK |0 939   |a 24-03-23  |b l01 
OAS |a 1 
ORI |a SA-MARC-krimdoka001.raw